(KHMER) The ocean / (Record no. 49778)
| 000 -LEADER | |
|---|---|
| fixed length control field | 00303nam a2200121 4500 |
| 020 ## - INTERNATIONAL STANDARD BOOK NUMBER | |
| International Standard Book Number | 9789924342274 |
| 100 ## - MAIN ENTRY--PERSONAL NAME | |
| Personal name | Mahesine, Prune |
| 9 (RLIN) | 86899 |
| 245 ## - TITLE STATEMENT | |
| Title | (KHMER) The ocean / |
| Statement of responsibility, etc | Prune Mahesine |
| 260 ## - PUBLICATION, DISTRIBUTION, ETC. (IMPRINT) | |
| Place of publication, distribution, etc | Cambodia |
| Name of publisher, distributor, etc | Sipar |
| Date of publication, distribution, etc | 2021 |
| 300 ## - PHYSICAL DESCRIPTION | |
| Extent | 35 p. |
| Other physical details | col. ill. |
| Dimensions | 25 cm. |
| 650 ## - SUBJECT ADDED ENTRY--TOPICAL TERM | |
| Topical term or geographic name as entry element | Ocean |
| 942 ## - ADDED ENTRY ELEMENTS (KOHA) | |
| Source of classification or shelving scheme | |
| Koha item type | Book |
| Withdrawn status | Lost status | Source of classification or shelving scheme | Damaged status | Not for loan | Collection code | Home library | Current library | Shelving location | Date acquired | Total Checkouts | Full call number | Barcode | Date last seen | Date checked out | Price effective from | Koha item type |
|---|---|---|---|---|---|---|---|---|---|---|---|---|---|---|---|---|
| Siem Riep | Asian Hope Siem Reap | Asian Hope Siem Reap | SECONDARY | 11/17/2025 | 1 | KHMER 591.77 MAH | 209444 | 04/09/2026 | 04/02/2026 | 11/17/2025 | Book |